<?xml version="1.0" encoding="UTF-8"?><?xml-stylesheet type="text/xsl" href="static/style.xsl"?><OAI-PMH xmlns="http://www.openarchives.org/OAI/2.0/" xmlns:xsi="http://www.w3.org/2001/XMLSchema-instance" xsi:schemaLocation="http://www.openarchives.org/OAI/2.0/ http://www.openarchives.org/OAI/2.0/OAI-PMH.xsd"><responseDate>2026-06-07T15:52:01Z</responseDate><request verb="GetRecord" identifier="oai:docta.ucm.es:20.500.14352/124730" metadataPrefix="marc">https://docta.ucm.es/rest/oai/request</request><GetRecord><record><header><identifier>oai:docta.ucm.es:20.500.14352/124730</identifier><datestamp>2025-10-09T23:48:06Z</datestamp><setSpec>com_20.500.14352_14</setSpec><setSpec>col_20.500.14352_15</setSpec></header><metadata><record xmlns="http://www.loc.gov/MARC21/slim" xmlns:dcterms="http://purl.org/dc/terms/" xmlns:xsi="http://www.w3.org/2001/XMLSchema-instance" xmlns:doc="http://www.lyncode.com/xoai" xsi:schemaLocation="http://www.loc.gov/MARC21/slim http://www.loc.gov/standards/marcxml/schema/MARC21slim.xsd">
   <leader>00925njm 22002777a 4500</leader>
   <datafield ind2=" " ind1=" " tag="042">
      <subfield code="a">dc</subfield>
   </datafield>
   <datafield ind2=" " ind1=" " tag="720">
      <subfield code="a">Arrieta Algarra, José María</subfield>
      <subfield code="e">author</subfield>
   </datafield>
   <datafield ind2=" " ind1=" " tag="720">
      <subfield code="a">Fernandes, Juliana</subfield>
      <subfield code="e">author</subfield>
   </datafield>
   <datafield ind2=" " ind1=" " tag="720">
      <subfield code="a">Lappicy, Phillipo</subfield>
      <subfield code="e">author</subfield>
   </datafield>
   <datafield ind2=" " ind1=" " tag="260">
      <subfield code="c">2025</subfield>
   </datafield>
   <datafield ind2=" " ind1=" " tag="520">
      <subfield code="a">We consider a scalar parabolic partial differential equation on the interval with nonlinear boundary conditions that are asymptotically sublinear. As the parameter crosses critical values (e.g. the Steklov eigenvalues), it is known that there are large equilibria that arise through a bifurcation from infinity (i.e., such equilibria converge, after rescaling, to the Steklov eigenfunctions). We provide a compactification approach to the study of such unbounded bifurcation curves of equilibria, their stability, and heteroclinic orbits. In particular, we construct an induced semiflow at infinity such that the Steklov eigenfunctions are equilibria. Moreover, we prove the existence of infinite-time blow-up solutions that converge, after rescaling, to certain eigenfunctions that are equilibria of the induced semiflow at infinity.</subfield>
   </datafield>
   <datafield ind1="8" ind2=" " tag="024">
      <subfield code="a">Arrieta, J. M., Fernandes, J., &amp; Lappicy, P. On bifurcation from infinity: a compactification approach. Calculus of Variations and Partial Differential Equations. 2025; 64(3): 1-18.</subfield>
   </datafield>
   <datafield ind1="8" ind2=" " tag="024">
      <subfield code="a">0944-2669</subfield>
   </datafield>
   <datafield ind1="8" ind2=" " tag="024">
      <subfield code="a">1432-0835</subfield>
   </datafield>
   <datafield ind1="8" ind2=" " tag="024">
      <subfield code="a">10.1007/s00526-025-02945-3</subfield>
   </datafield>
   <datafield ind1="8" ind2=" " tag="024">
      <subfield code="a">https://hdl.handle.net/20.500.14352/124730</subfield>
   </datafield>
   <datafield ind2="0" ind1="0" tag="245">
      <subfield code="a">On bifurcation from infinity: a compactification approach</subfield>
   </datafield>
</record></metadata></record></GetRecord></OAI-PMH>